Rabindra Nath Tagore (Record no. 68337)

MARC details
000 -LEADER
fixed length control field 00797nam a22001937a 4500
005 - DATE AND TIME OF LATEST TRANSACTION
control field 20120706165030.0
010 ## - LCCN (DPL NO)
LC control number B-477803
020 ## - INTERNATIONAL STANDARD BOOK NUMBER
International Standard Book Number 8131100081
Terms of availability 700.00
035 ## - SYSTEM CONTROL NUMBER
System control number B-477803
037 ## - SOURCE OF ACQUISITION
Stock number dpl
Source of stock number/acquisition K .K.Pub/ven
082 ## - DEWEY DECIMAL CLASSIFICATION NUMBER
Classification number 891.4414
245 ## - TITLE STATEMENT
Title Rabindra Nath Tagore
Statement of responsibility, etc edited by Shiv Gajrani and S. Ram
260 ## - PUBLICATION, DISTRIBUTION, ETC. (IMPRINT)
Place of publication, distribution, etc New Delhi
Name of publisher, distributor, etc Commonwealth Pub
Date of publication, distribution, etc 2011
270 ## - ADDRESS
Address 4831/24 Prahlad Street Ansari Road Darya Ganj
City New Delhi
300 ## - PHYSICAL DESCRIPTION
Extent v, 286p
Dimensions 23cm
942 ## - ADDED ENTRY ELEMENTS (KOHA)
Source of classification or shelving scheme Dewey Decimal Classification
Item type English Books
Classification part 891.4414
Call number suffix RAB
Holdings
Withdrawn status Lost status Not for loan Collection code Home library Current library Date acquired Source of acquisition Cost, normal purchase price Full call number Barcode Copy number Cost, replacement price Koha item type
      Non-fiction Central Library Central Library 10/07/2012 K.K.Pub/1356/29.11.2011/03/29.11.2011/30.3.2012 700.00 891.4414 RAB B-477803 1 700.00 English Books

© Delhi Public Library
Hit Counter
free hit counter